000 00432nam a2200157 a 4500
005 20140412111411.0
008 070215s19uu xx 00 eng d
020 _a0-85953-398-0
050 _aTR(PS E
_bPr93 1992
100 _aLove, Ann
245 _aThe prince who wrote a letter /
_cAnn Love.
260 _bChild's play international,
_c1992.
650 _aFrienship - fiction
650 _aChildren stories
999 _c105690
_d105690